Aplicaciones de espectroscopia de absorción en compuestos orgánicos / (Record no. 58511)

MARC details
000 -LEADER
campo de control de longitud fija 00523nam a2200157 i 4500
001 - NÚMERO DE CONTROL
campo de control 58511
003 - IDENTIFICADOR DE NÚMERO DE CONTROL
campo de control ES-MaACL
007 - CAMPO FIJO DE DESCRIPCIÓN FÍSICA--INFORMACIÓN GENERAL
campo de control de longitud fija t|
008 - DATOS DE LONGITUD FIJA--INFORMACIÓN GENERAL
campo de control de longitud fija 031022s1972 sp ||||1| spa d
100 1# - ENTRADA PRINCIPAL--NOMBRE DE PERSONA
Nombre de persona Dyer, John R.
9 (RLIN) 46410
245 10 - MENCIÓN DEL TÍTULO
Título Aplicaciones de espectroscopia de absorción en compuestos orgánicos /
Mención de responsabilidad, etc. John R. Dyer ; traducción y adaptación Juan A. Garbarino.
260 ## - PUBLICACIÓN, DISTRIBUCIÓN, ETC.
Lugar de publicación, distribución, etc. Madrid :
Nombre del editor, distribuidor, etc. Prentice-Hall,
Fecha de publicación, distribución, etc. [1972]
300 ## - DESCRIPCIÓN FÍSICA
Extensión X, 145 p. ;
Dimensiones 247 cm.
700 1# - ENTRADA AGREGADA--NOMBRE PERSONAL
Nombre de persona Garbarino, Juan A.
9 (RLIN) 53949
852 ## - LOCALIZACIÓN
Ubicación ES-MaACL
Número de control de estantería E-7634
Sublocalización o colección R.92066
Holdings
Estatus retirado Estado de pérdida Estado de daño No para préstamo Biblioteca de origen Biblioteca actual Ubicación en estantería Fecha de adquisición Fuente de adquisición Total de préstamos Signatura topográfica completa Código de barras Visto por última vez Precio de reemplazo Tipo de ítem Koha
        Biblioteca del Ateneo de Madrid Biblioteca del Ateneo de Madrid Depósito 2 17/01/2008     E-7634 1061392 23/02/2023 23/02/2023 Libro impreso